European Economic Integration (Record no. 1517)

MARC details
000 -LEADER
fixed length control field 00479nam a22001937i 4500
001 - CONTROL NUMBER
control field 1531
003 - CONTROL NUMBER IDENTIFIER
control field OSt
005 - DATE AND TIME OF LATEST TRANSACTION
control field 20170126082255.0
007 - PHYSICAL DESCRIPTION FIXED FIELD--GENERAL INFORMATION
fixed length control field tu
008 - FIXED-LENGTH DATA ELEMENTS--GENERAL INFORMATION
fixed length control field 161220s1975 xxu||||| |||| 00| 0 d
024 7# - OTHER STANDARD IDENTIFIER
Standard number or code 1530
Source of number or code RID
040 ## - CATALOGING SOURCE
Transcribing agency OSt
084 ## - OTHER CLASSIFICATION NUMBER
Classification number 11.42
-- 11.43
Number source z
100 1# - MAIN ENTRY--PERSONAL NAME
Personal name Balassa, Bela et. al.
Relator term Ed.
245 00 - TITLE STATEMENT
Title European Economic Integration
260 ## - PUBLICATION, DISTRIBUTION, ETC.
Place of publication, distribution, etc. Amsterdam :
Name of publisher, distributor, etc. North-Holland,
Date of publication, distribution, etc. 1975.
300 ## - PHYSICAL DESCRIPTION
Extent 416 S. ;
Dimensions 21cm.
490 ## - SERIES STATEMENT
Series statement Contributions to Economic Analysis
Volume/sequential designation 89
942 ## - ADDED ENTRY ELEMENTS (KOHA)
Koha item type Book
Holdings
Withdrawn status Lost status Damaged status Not for loan Home library Current library Shelving location Date acquired Inventory number Total Checkouts Full call number Barcode Date last seen Price effective from Koha item type
        WIIW WIIW Souterrain 06/30/1994 1531   I-599 301529 01/26/2017 01/26/2017 Book
The Vienna Instiute for International Economic Studies (wiiw)